Estatísticas para Quiz de São Paulo

Clique aqui para jogar o quiz

Estatísticas Gerais

  • Esse quiz foi jogado 387 vezes
    (339 desde o último reset)
  • A pontuação média é 14 de 20

Estatísticas das Respostas

DicaResposta% Correto
EstadoEstados fazendo fronteira
com São Paulo
Rio de Janeiro
96%
EstadoEstados fazendo fronteira
com São Paulo
Minas Gerais
93%
EstadoEstados fazendo fronteira
com São Paulo
Paraná
92%
CidadeParque mais famoso do BrasilParque {Ibirapuera}
91%
EstadoRio que passa pelo estado,
conhecido por sua poluição
Rio {Tietê}
91%
EstadoMaior cidade do interior
de São Paulo
Campinas
87%
EstadoEstados fazendo fronteira
com São Paulo
Mato Grosso do Sul
87%
EstadoGovernador atualJoão Doria
80%
CidadeRegião formada pelos
municípios de Santo André,
São Bernardo, e São Caetano
Grande ABC
77%
CidadeBairro considerado como a
maior comunidade Japonesa
fora do Japão
Liberdade
77%
CidadeSão Paulo possui 11% da
população vivendo em ...
(dica: começa com F)
Favelas
74%
CidadeRiacho onde Dom Pedro I
declarou independência
brasileira
Riacho do {Ipiranga}
73%
EstadoTerceiro presidente do BrasilPrudente de {Morais}
72%
EstadoMaior ilhaIlha{bela}
63%
CidadeMaior município não-capital
do Brasil
Guarulhos
62%
CidadePrefeito de São PauloBruno Covas
60%
EstadoCidade-porte ao sul
da capital paulista
Santos
60%
CidadePonto mais alto do municípioPico do {Jaraguá}
45%
EstadoCordilheira passando pelo
litoral do estado
Serra do Mar
43%
CidadeMaior distrito municipalGrajaú
20%

Distribuição das Pontuações

Percentil de Números Respondidos

Porcentagem de Pessoas com Cada Pontuação

Sua Pontuação Histórica

Você não jogou esse quiz desde o último reset